000 00583nam a2200193Ia 4500
005 20250508165116.0
008 008 250505s9999 xx 000 0 hin d
037 _aDissertations
040 _aFEDL
_beng
_cFEDL
041 _ahin
_2eng
084 _a371.97, BAS/DI
_qFEDL
100 _aBasanti
245 0 _aUttar-purvi Delhi ke sarkari vidyalayon me anusuchit jati ke vidyarthiyo ke stithi ka adhyyan
260 _c2011
300 _a101p.
546 _aM. Ed. Dissertation, (Delhi University)
942 _cDIS
_h371.97, BAS/DI
999 _c1393220
_d1393220